000 00303nam a2200121Ia 4500
008 190722s9999 xx 000 0 und d
020 _a978-0-231-17140-3
100 _aChristian DE Perthuis
245 0 _aGreen Capital
260 _aNew York
_bColumbia university press
_c2015
300 _a282
942 _cBK
999 _c228
_d228